[Event "Challenge"]
[Site "http://www.queenalice.com/game.php?id=1329560"]
[Date "2014.12.21"]
[Round "-"]
[White "ORNELAS"]
[Black "camiloneto"]
[Result "0-1"]
[WhiteElo "1657"]
[BlackElo "1737"]

1. Nf3 Nc6 2. c3 e5 3. e4 d6 4. Bb5 Ne7 5. b4 Bg4 6. d3 a6 7. Bxc6+ Nxc6 8. O-O
Qf6 9. Nbd2 Qg6 10. Qb3 Bh3 11. Nh4 Qg4 12. Ndf3 Be7 13. Kh1 Bxh4 14. g3 Qxf3+
15. Kg1 Qg2# 0-1

[Event "Let's Play Chess!"]
[Site "http://www.queenalice.com/game.php?id=1333842"]
[Date "2015.1.9"]
[Round "-"]
[White "camiloneto"]
[Black "masam2014"]
[Result "1-0"]
[WhiteElo "1756"]
[BlackElo "1142"]

1. e4 e5 2. Nf3 Nc6 3. Bb5 Nf6 4. d3 Bc5 5. O-O O-O 6. c3 Re8 7. d4 exd4 8. Bxc6
dxc6 9. cxd4 Bb6 10. e5 Nd5 11. h3 f6 12. Re1 fxe5 13. dxe5 Bf5 14. Na3 Bg6 15.
Bd2 Ne7 16. b4 Bh5 17. g4 Bg6 18. Nc4 Bd3 19. Nxb6 axb6 20. Ng5 Bg6 21. Qb3+ Kh8
22. Rad1 Qd3 23. Qe6 Qd5 24. Bc3 Qxe6 25. Nxe6 Rxa2 26. Nxc7 Rc8 27. Rd7 Nd5 28.
Nxd5 1-0

[Event "Challenge"]
[Site "http://www.queenalice.com/game.php?id=1335139"]
[Date "2015.1.16"]
[Round "-"]
[White "ORNELAS"]
[Black "camiloneto"]
[Result "1-0"]
[WhiteElo "1635"]
[BlackElo "1783"]

1. Nf3 Nc6 2. c3 e5 3. e4 a6 4. d3 d6 5. Bg5 f6 6. Bh4 Bg4 7. Nbd2 g5 8. Bg3 h5
9. Be2 h4 10. Nxh4 gxh4 11. Bxg4 hxg3 12. fxg3 Bh6 13. Nf3 Qe7 14. Qb3 b5 15.
Bh5+ Kd8 16. Qd5 Qd7 17. Bf7 Nge7 18. Qb3 f5 19. Be6 Qe8 20. exf5 Qh5 21. O-O
Nxf5 22. Qd5 Ne3 23. Qxc6 Ke7 24. Qd7+ Kf6 25. Rfe1 Nc2 26. Nh4 Bg5 27. Nf5 Rad8
28. Qe7+ Kg6 29. Qf7# 1-0

[Event "Challenge"]
[Site "http://www.queenalice.com/game.php?id=1335315"]
[Date "2015.1.17"]
[Round "-"]
[White "tucuman"]
[Black "camiloneto"]
[Result "0-1"]
[WhiteElo "1768"]
[BlackElo "1761"]

1. e4 e5 2. Nf3 Nc6 3. Bc4 Qf6 4. O-O Qg6 5. h3 Qxe4 6. d3 Qg6 7. Nh2 d6 8. Qf3
Nd4 9. Bxf7+ Qxf7 10. Qxf7+ Kxf7 11. a3 Nxc2 12. Ra2 Be6 13. b3 Nd4 14. Rb2 Nxb3
15. Be3 b6 16. Nf3 c5 17. Ng5+ Ke7 18. Nxe6 Kxe6 19. Rxb3 Nf6 20. f4 Nd5 21. f5+
Kd7 22. Bf2 Be7 23. Nc3 Nxc3 24. Rxc3 Rhf8 25. Bg3 Bf6 26. Bh2 e4 27. Rb3 Bd4+
28. Kh1 e3 29. Bg3 Rf7 30. a4 g6 31. a5 Rb8 32. axb6 axb6 33. Rb2 gxf5 34. Re2
Re8 35. Bf4 Rfe7 36. g3 Be5 37. Bxe5 Rxe5 38. Ra1 h5 39. Ra7+ Kc6 40. Rh7 Rg8
41. Kh2 Rd5 42. Rxe3 Re5 43. Rf3 b5 44. Rxh5 b4 45. g4 fxg4 46. hxg4 Rxg4 47.
Rxe5 dxe5 48. Re3 Kd5 49. Kh3 Kd4 50. Re1 Rg8 51. Rd1 Ra8 52. Kg4 Ra3 53. Kf5 b3
54. Ke6 b2 55. Rb1 Kc3 56. Kxe5 Kc2 57. Rxb2+ Kxb2 58. d4 c4 59. d5 Ra5 60. Kd4
c3 61. d6 c2 62. d7 Ra8 63. d8=Q Rxd8+ 0-1

[Event "Challenge"]
[Site "http://www.queenalice.com/game.php?id=1335360"]
[Date "2015.1.17"]
[Round "-"]
[White "AuntieRenie"]
[Black "camiloneto"]
[Result "0-1"]
[WhiteElo "1685"]
[BlackElo "1790"]

1. d4 d5 2. Nc3 Nf6 3. Nf3 h6 4. Ne5 e6 5. e3 Bb4 6. a3 Bxc3+ 7. bxc3 O-O 8. a4
Ne4 9. Qd3 b6 10. Ba3 Re8 11. Be2 Ba6 12. Nc6 Nxc6 13. Qxa6 Nxc3 14. Bb5 Nxb5
15. Qxb5 Na5 16. O-O Nc4 17. Bc1 Nd6 18. Qd3 Nf5 19. f3 Qg5 20. e4 Qg6 21. exf5
exf5 22. Qb5 c6 23. Qb3 Re2 24. Rf2 Rae8 25. g3 Qf6 26. Qd3 Re1+ 27. Kg2 Qg6 28.
f4 Qe6 29. Bb2 Re3 30. Qf1 Qe7 31. Kh3 Qb4 32. c3 Qd6 33. Rf3 Re2 34. Qb1 R8e4
35. Rf1 Rd2 36. Ra2 Qg6 37. g4 Qxg4# 0-1

[Event "Challenge"]
[Site "http://www.queenalice.com/game.php?id=1335361"]
[Date "2015.1.17"]
[Round "-"]
[White "AuntieRenie"]
[Black "camiloneto"]
[Result "0-1"]
[WhiteElo "1698"]
[BlackElo "1777"]

1. c4 e5 2. Nc3 Bb4 3. Nd5 Ba5 4. b4 c6 5. Ne3 Bxb4 6. Qb3 Na6 7. Nf5 Qf6 8. e4
d6 9. g3 Bxf5 10. exf5 Qxf5 11. Bd3 e4 12. Bb1 Bc5 13. f4 O-O-O 14. Bc2 Nb4 15.
Bb1 Nd3+ 16. Bxd3 exd3 17. Bb2 Qe4+ 18. Kf1 Qxh1 19. Qxd3 Qxg1+ 20. Ke2 Qxh2+
21. Kd1 f6 22. Qb3 Re8 23. Bc3 Qxg3 24. Rb1 b6 25. Qa4 Kb7 26. Qb3 Qxf4 27. Ba5
Qd4 28. Bc3 Qd3 29. a4 Re2 30. Qa2 Bf2 31. a5 Re1# 0-1

[Event "Challenge"]
[Site "http://www.queenalice.com/game.php?id=1337929"]
[Date "2015.1.29"]
[Round "-"]
[White "camiloneto"]
[Black "tucuman"]
[Result "0-1"]
[WhiteElo "1802"]
[BlackElo "1603"]

1. e4 e5 2. Nf3 d6 3. h3 a6 4. Bc4 h6 5. Nh4 Qxh4 6. Qf3 Qf6 7. Qh5 g6 8. Qe2
Bg7 9. O-O Be6 10. Nc3 Bxc4 11. Qxc4 c6 12. d3 Qe7 13. Be3 Nf6 14. Na4 Nbd7 15.
Qb3 b5 16. Nc3 O-O 17. a4 Nh5 18. axb5 axb5 19. Ra3 Ndf6 20. Qa2 Rxa3 21. Qxa3
Re8 22. Qa6 b4 23. Ne2 Qd7 24. Qa4 c5 25. Qb3 Rc8 26. c3 bxc3 27. bxc3 Qc7 28.
Qa3 d5 29. Qc1 d4 30. Bxh6 Bxh6 31. Qxh6 Qd8 32. Qg5 dxc3 33. Rd1 Nh7 34. Qg4 c4
35. Nxc3 cxd3 36. Nd5 N7f6 37. Nxf6+ Nxf6 38. Qg3 d2 39. Qg5 Rc1 40. Rxc1 d1=Q+
41. Rxd1 Qxd1+ 42. Kh2 Qd6 43. f3 Nh5 44. g3 Qd1 45. Qe3 Qc2+ 46. Kg1 Nxg3 47.
Qg5 Qc5+ 48. Kg2 Nh5 49. h4 Qc2+ 50. Kh3 Nf4+ 51. Qxf4 exf4 52. Kg4 Qd2 53. h5
gxh5+ 54. Kxh5 Qg2 55. Kh4 f6 56. Kh5 Qg5# 0-1

[Event "Challenge"]
[Site "http://www.queenalice.com/game.php?id=1341102"]
[Date "2015.2.12"]
[Round "-"]
[White "LKap"]
[Black "camiloneto"]
[Result "1-0"]
[WhiteElo "1721"]
[BlackElo "1738"]

1. e3 e5 2. d3 d5 3. f4 f6 4. Qh5+ g6 5. Qh4 g5 6. fxg5 fxg5 7. Qh5+ Kd7 8. Nf3
Qe7 9. Qxg5 Bg7 10. Qxe7+ Nxe7 11. g3 a6 12. Bh3+ Kd8 13. Bxc8 Kxc8 14. O-O Rf8
15. Ng5 h6 16. Rxf8+ Bxf8 17. Ne6 Ng6 18. e4 d4 19. Nxf8 Nxf8 20. Bxh6 Ne6 21.
c3 Nc6 22. Na3 Nc5 23. Rd1 Na4 24. cxd4 exd4 25. Rd2 Nb4 26. b3 Nc3 27. Nc2 Nb1
28. Rf2 b6 29. Rf8+ Kb7 30. Rxa8 Kxa8 31. Nxb4 a5 32. Nc6 Nc3 33. a3 Nb5 34. a4
Na7 35. Nxd4 c5 36. Nb5 Nxb5 37. axb5 Kb7 38. h4 Kc7 39. h5 Kd7 40. Bg7 Ke6 41.
h6 1-0

[Event "Challenge"]
[Site "http://www.queenalice.com/game.php?id=1344030"]
[Date "2015.2.25"]
[Round "-"]
[White "tucuman"]
[Black "camiloneto"]
[Result "0-1"]
[WhiteElo "1695"]
[BlackElo "1783"]

1. e4 e5 2. d4 Qh4 3. Qd3 exd4 4. Nf3 Qf6 5. Qxd4 Nc6 6. Qd1 Qg6 7. Nc3 Bb4 8.
Bd2 Nf6 9. Qe2 Bxc3 10. e5 Bxd2+ 11. Qxd2 Ne4 12. Qd1 a6 13. Qd3 Qf5 14. O-O-O
Nb4 15. Qe2 O-O 16. Kb1 Re8 17. a3 Nc6 18. h3 Nxe5 19. Qe3 b5 20. Bd3 Nxf3 21.
Bxe4 Qxe4 22. Qxe4 Rxe4 23. gxf3 Re2 24. Rhf1 d6 25. Kc1 Bxh3 26. Rh1 Bf5 27.
Rd2 Rxd2 28. Kxd2 h6 29. Re1 g5 30. Re7 c5 31. c3 c4 32. Ke3 h5 33. Ke2 Kf8 34.
Re3 Re8 35. Rxe8+ Kxe8 36. Kf1 Ke7 37. Kg2 h4 38. Kh2 Ke6 39. Kg2 Ke5 40. Kh2
Kf4 41. Kg2 Bd3 0-1

[Event "Challenge"]
[Site "http://www.queenalice.com/game.php?id=1344032"]
[Date "2015.2.25"]
[Round "-"]
[White "camiloneto"]
[Black "tucuman"]
[Result "1-0"]
[WhiteElo "1795"]
[BlackElo "1702"]

1. e4 e5 2. Nf3 d6 3. Bb5+ Bd7 4. Nc3 Bxb5 5. Nxb5 Nc6 6. c3 a6 7. Na3 Be7 8. d4
exd4 9. cxd4 d5 10. e5 f6 11. Qe2 Qd7 12. h3 O-O-O 13. Nc2 fxe5 14. dxe5 Kb8 15.
O-O h6 16. b3 Re8 17. Bb2 Bg5 18. Rfe1 Qe6 19. Ncd4 Nxd4 20. Nxd4 Qe7 21. Rad1
h5 22. Nf5 Qf7 23. Qf3 Ne7 24. Nxe7 Qxf3 25. gxf3 Rxe7 26. Rxd5 Re6 27. Re4 g6
28. f4 Be7 29. Rc4 c6 30. Rd7 Re8 31. a4 Rc8 32. Kg2 Rd8 33. Rxd8+ Bxd8 34. Rd4
Kc8 35. Bc1 Kc7 36. Kg3 Be7 37. Rd3 Bd8 38. Kf3 Kc8 39. Ke4 Bc7 40. Bb2 Ba5 41.
f5 gxf5+ 42. Kxf5 Re7 43. f4 Bd8 44. Re3 Rh7 45. e6 Be7 46. Kg6 Rh8 47. Bxh8 1-0

[Event "Challenge"]
[Site "http://www.queenalice.com/game.php?id=1345216"]
[Date "2015.3.3"]
[Round "-"]
[White "masam2014"]
[Black "camiloneto"]
[Result "0-1"]
[WhiteElo "1479"]
[BlackElo "1807"]

1. d4 d5 2. c4 dxc4 3. e4 b5 4. b3 cxb3 5. Bxb5+ Bd7 6. Bxd7+ Qxd7 7. axb3 e6 8.
Ba3 Bxa3 9. Rxa3 Nc6 10. Nf3 Nf6 11. e5 Nd5 12. O-O O-O 13. Re1 Qe7 14. Ra1 Qb4
15. Qc2 Nxd4 16. Nxd4 Qxe1# 0-1

[Event "Challenge"]
[Site "http://www.queenalice.com/game.php?id=1345217"]
[Date "2015.3.3"]
[Round "-"]
[White "camiloneto"]
[Black "masam2014"]
[Result "1-0"]
[WhiteElo "1810"]
[BlackElo "1459"]

1. e4 e5 2. Nf3 Nc6 3. Bb5 Bc5 4. Bxc6 dxc6 5. Nxe5 Qf6 6. Nd3 Bb6 7. O-O Ne7 8.
h3 O-O 9. Qe2 Ng6 10. Nc3 Re8 11. b3 Bxh3 12. gxh3 Qg5+ 13. Qg4 Qxg4+ 14. hxg4
Bd4 15. Bb2 Bxc3 16. Bxc3 Rxe4 17. f3 Ree8 18. Rfe1 Red8 19. Ne5 b5 20. Nxc6 Rd6
21. Ne7+ Nxe7 22. Rxe7 c5 23. Rae1 g6 24. Re8+ Rxe8 25. Rxe8# 1-0

[Event "Challenge"]
[Site "http://www.queenalice.com/game.php?id=1346614"]
[Date "2015.3.10"]
[Round "-"]
[White "camiloneto"]
[Black "tucuman"]
[Result "1/2-1/2"]
[WhiteElo "1812"]
[BlackElo "1525"]

1. e4 d6 2. d4 e6 3. Nf3 b6 4. Nc3 Bb7 5. Ng5 Qe7 6. Bc4 h6 7. Nf3 a6 8. h3 Nd7
9. O-O g5 10. e5 d5 11. Bd3 Bg7 12. Ne2 Qd8 13. c3 Ne7 14. Qc2 Nf8 15. b4 Nd7
16. Ng3 c6 17. Nh5 O-O 18. Nxg7 Kxg7 19. Be2 Ng6 20. Re1 b5 21. Bd3 a5 22. Bxg6
fxg6 23. Qb1 a4 24. a3 Nb6 25. Qd3 Nc4 26. Nh2 Qe7 27. Qg3 Qf7 28. Nf3 Bc8 29.
Nd2 Nxd2 30. Bxd2 Bd7 31. Re3 Be8 32. Rf3 Qe7 33. Rxf8 Qxf8 34. Re1 Ra7 35. Re3
Rf7 36. Rf3 Rxf3 37. Qxf3 Qxf3 38. gxf3 Bf7 39. Kg2 Kh7 40. Kg3 Kg7 41. Kg4 Kh7
42. f4 gxf4 43. Bxf4 g5 44. Bc1 Bg6 45. h4 Bf5+ 46. Kg3 g4 47. h5 Kg7 48. f3
gxf3 49. Kxf3 Kh7 50. Kg3 Kg7 51. Kh4 Kh7 52. Kg3 Kg7 53. Bd2 Kh7 54. Kh4 Kg7
55. Kg3 Kh7 56. Kh4 Kg7 57. Bc1 Kh7 58. Bd2 1/2-1/2

[Event "Challenge"]
[Site "http://www.queenalice.com/game.php?id=1346615"]
[Date "2015.3.10"]
[Round "-"]
[White "tucuman"]
[Black "camiloneto"]
[Result "0-1"]
[WhiteElo "1518"]
[BlackElo "1786"]

1. b3 e5 2. d3 Bc5 3. e3 Qf6 4. Bb2 Nh6 5. Nf3 Ng4 6. Qe2 b6 7. h3 Nh6 8. g3 Bb7
9. Bg2 Bd6 10. Nbd2 Na6 11. a3 Bxf3 12. Qxf3 Qxf3 13. Bxf3 c6 14. Bg2 O-O 15.
O-O Rac8 16. Ne4 Bb8 17. Nd2 Rfe8 18. e4 f6 19. c4 Nc5 20. a4 Nxd3 21. Bc3 a5
22. Nf3 Nf7 23. Nh2 Nd6 24. Rfd1 Nc5 25. b4 Ncxe4 26. Bxe4 Nxe4 27. Be1 Bd6 28.
b5 cxb5 29. cxb5 Rc2 30. Nf3 Bc5 31. Nd2 Bxf2+ 32. Bxf2 Rxd2 33. Rxd2 Nxd2 34.
Rd1 Nc4 35. Rxd7 Rb8 36. Rc7 Nb2 37. Rc6 Nxa4 38. g4 Kf7 39. Rc7+ Kf8 40. Rc4
Nb2 41. Rc6 Na4 42. Kg2 Rb7 43. Rc8+ Kf7 44. Rc6 Ke7 45. Rc4 Nc5 46. Rc2 a4 47.
Be1 a3 48. Bb4 Ra7 49. Ra2 Kf7 50. Rxa3 Rxa3 51. Bxa3 Ne4 52. Bc1 Nc3 53. Be3
Nd5 54. Bf2 Ke7 55. Kg3 Kd7 56. h4 Kc7 57. Be1 e4 58. g5 fxg5 59. hxg5 Kd6 60.
Kg4 Kc5 61. Kf5 e3 62. Ke6 e2 63. Kf7 g6 64. Kg7 Kxb5 65. Kxh7 Nf4 66. Kh6 Kc4
67. Bg3 b5 68. Be1 b4 69. Bd2 b3 70. Bxf4 e1=Q 71. Kxg6 b2 72. Kf6 b1=Q 0-1

[Event "Challenge"]
[Site "http://www.queenalice.com/game.php?id=1346909"]
[Date "2015.3.11"]
[Round "-"]
[White "tucuman"]
[Black "camiloneto"]
[Result "1/2-1/2"]
[WhiteElo "1514"]
[BlackElo "1791"]

1. b3 e5 2. d3 Qf6 3. Bb2 Bc5 4. e3 Nh6 5. h3 d6 6. g3 b5 7. Bg2 c6 8. Qf3 Qxf3
9. Bxf3 O-O 10. Nd2 Bb7 11. d4 exd4 12. exd4 Bb6 13. O-O-O Na6 14. Ne4 Rad8 15.
Kb1 c5 16. d5 Nb4 17. a3 Nxd5 18. Ne2 c4 19. bxc4 bxc4 20. N2c3 Nxc3+ 21. Bxc3
Bxe4 22. Bxe4 Bxf2 23. g4 f6 24. Rhf1 Rfe8 25. Bf3 Re3 26. Bd5+ Kf8 27. Bd2 Re5
28. Bxc4 Bc5 29. Bxh6 gxh6 30. Rxf6+ Kg7 31. Rf7+ Kg6 32. Rdf1 d5 33. Bd3+ Kg5
34. Rxh7 Bxa3 35. Rxa7 Bc5 36. Rg7+ Kh4 37. Rh7 Rb8+ 38. Kc1 Be3+ 39. Kd1 Rb1+
40. Ke2 Bg5+ 41. Kf2 Rxf1+ 42. Kxf1 Kxh3 43. Be2 Re4 44. Rf7 Re3 45. Rd7 Re5 46.
Rf7 Be3 47. Rf5 Bd4 48. Rxe5 Bxe5 49. Kf2 d4 50. Kf3 Bb8 51. Ke4 Ba7 52. Bd3
Kxg4 53. Ke5 h5 54. Be2+ Kg5 55. Ke4 h4 56. Bf3 h3 57. Kd3 Kf4 58. Bh1 Kg3 59.
c3 dxc3 60. Kxc3 Kf2 61. Ba8 Kg1 62. Kd2 h2 63. Ke2 h1=R 64. Bxh1 Kxh1 65. Kf3
Kg1 66. Ke4 Kf2 67. Kd3 1/2-1/2

[Event "Challenge"]
[Site "http://www.queenalice.com/game.php?id=1346986"]
[Date "2015.3.12"]
[Round "-"]
[White "camiloneto"]
[Black "Omar"]
[Result "0-1"]
[WhiteElo "1801"]
[BlackElo "1824"]

1. e4 e5 2. Nf3 d6 3. Bb5+ Bd7 4. Qe2 a6 5. Bc4 h6 6. d3 Nf6 7. Nc3 Nc6 8. Nh4
Nd4 9. Qd2 Ng4 10. g3 Be7 11. Qd1 Bxh4 12. gxh4 Qxh4 13. Qd2 Nf3+ 14. Kf1 Nxd2+
15. Ke2 Qxf2+ 16. Kd1 Ne3# 0-1

[Event "Challenge"]
[Site "http://www.queenalice.com/game.php?id=1348715"]
[Date "2015.3.20"]
[Round "-"]
[White "christian_labat"]
[Black "camiloneto"]
[Result "1-0"]
[WhiteElo "1922"]
[BlackElo "1721"]

1. e4 e5 2. Nf3 Nc6 3. Bc4 Qf6 4. Nc3 Bb4 5. O-O Bxc3 6. dxc3 d6 7. Bg5 Qg6 8.
Be3 Bg4 9. Kh1 Qxe4 10. Bxf7+ Ke7 11. Bd5 Qf5 12. Qd2 Nf6 13. Ng5 h6 14. Nf3 e4
15. Bxc6 bxc6 16. Nd4 Qd5 17. Rae1 Qxa2 18. Nxc6+ Kd7 19. b3 Qa6 20. Ne5+ Ke7
21. Ng6+ Kd7 22. Nxh8 Rxh8 23. h3 Bh5 24. f3 c5 25. Bxc5 Kc7 26. Ra1 Qb5 27.
Qxd6+ Kc8 28. c4 Qb7 29. Rxa7 Qb8 30. Qe6+ 1-0

[Event "Challenge"]
[Site "http://www.queenalice.com/game.php?id=1356707"]
[Date "2015.5.1"]
[Round "-"]
[White "tucuman"]
[Black "camiloneto"]
[Result "1-0"]
[WhiteElo "1634"]
[BlackElo "1780"]

1. e4 e5 2. d4 exd4 3. Nf3 c5 4. Bc4 Qf6 5. O-O Qg6 6. Ne5 Qf6 7. f4 Nh6 8. Na3
Bd6 9. Nb5 O-O 10. Nxd6 Qxd6 11. b3 Nc6 12. Bb5 Nxe5 13. fxe5 1-0

[Event "Challenge"]
[Site "http://www.queenalice.com/game.php?id=1356708"]
[Date "2015.5.1"]
[Round "-"]
[White "camiloneto"]
[Black "tucuman"]
[Result "0-1"]
[WhiteElo "1758"]
[BlackElo "1656"]

1. e4 e5 2. Nf3 d6 3. Bb5+ Bd7 4. Qe2 h6 5. h3 Bxb5 6. Qxb5+ Nd7 7. Qxb7 Ngf6 8.
O-O Nxe4 9. Qxe4 Nc5 10. Qc4 Be7 11. Qd5 O-O 12. d3 Bf6 0-1